000 nam a22 7a 4500
999 _c8949
_d8949
008 180122b ||||| |||| 00| 0 eng d
100 _aGupta.S.
_95255
245 _aInspiring Mathematics
260 _aNew Delhi
_bHoly Faith
_c2008